000 nam a22 7a 4500
999 _c173130
_d173130
003 Nust
005 20170406133139.0
008 170119b xxu||||| |||| 00| 0 eng d
020 _a978-8177224573
040 _cNust
082 _a823
_bURR
100 _a Urresti Mariano Fernandez
245 _aKeys To Da Vinci Code
_cby Urresti Mariano Fernandez Lorenzo Fernandez Bueno
260 _aNew York:
_bBiztantra,
_c2006
300 _axxviii,188p.
500 _aNovel
650 _aFiction
942 _2ddc
_cBK